01539cam a2200349 a 4500999001900000001000800019003000500027005001700032008004100049010001700090020002400107038001200131040001800143050002100161082001600182100002900198245012300227260009100350300002800441440006000469500015500529500002100684504005200705650004400757650005400801650004600855710007900901710005900980906004501039942001201084952009301096 c529512d5295124330954NUST20190927094944.0880315s1988 dcua b 000 0 eng  a 88050293  a0309045509 :c$9.00 aMSOHAIL aDLCcDLCdDLC00aTG340b.M29 198800a624.2572201 aManning, David G.92149710aDurability of prestressed concrete highway structures /cDavid G. Manning ; topic panel, Adrian G. Clary ... [et al.]. aWashington, D.C. :bTransportation Research Board, National Research Council,c[1988]. a65 p. :bill. ;c28 cm. 0aSynthesis of highway practice,x0547-5570 ;v140921714 a"Research sponsored by the American Association of State Highway and Transportation Officials in cooperation with the Federal Highway Administration." a"November 1988." aIncludes bibliographical references (p. 58-65). 0aConcrete bridgesxDeterioration.921715 0aTendons (Prestressed concrete)xCorrosion.921716 0aPrestressed concrete construction.9202452 aAmerican Association of State Highway and Transportation Officials.9195531 aUnited States.bFederal Highway Administration.920149 a7bcbccorignewd3eocipf19gy-gencatlg 2ddccBK 00102ddc4070aNITbNITd2019-09-27l0o624.257pNIT-10953r2019-09-27w2019-09-27yBK